Pays commençant par N - Statistiques

Statistiques générales
  • Ce quiz a été pris 84 fois
  • Le résultat moyen est 6 sur 8
Statistiques - réponses
Réponse % Correct
Namibie
91%
Nicaragua
84%
Niger
79%
Nigéria
79%
Nouvelle-Zélande
78%
Norvège
76%
Népal
70%
Nauru
61%
Aucun quiz correspondant
Distribution des résultats
% des personnes avec chaque résultat
Percentile par nombre de réponses
Votre historique - résultats
Vous n’avez pas pris ce quiz